000 00284nam a22001217a 4500
008 171127b xxu||||| |||| 00| 0 eng d
041 _aeng
080 _22 ED
_a51
100 _a32
101 _aMAT
245 _aMATHEMATICS IN CLINICAL DIETETICS
_cHELEN.N.S
942 _2udc
_cBK
999 _c38527
_d38527